| 000 | 01293nam a2200265Ia 4500 | ||
|---|---|---|---|
| 999 |
_c56042 _d56042 |
||
| 001 | 23142 | ||
| 003 | GE_BSU | ||
| 005 | 20230717120611.0 | ||
| 008 | 181216s1966||||ge |||||||||||||| ||geo|| | ||
| 040 | _cGE_BSU | ||
| 041 | _ageo | ||
| 080 | _a821.112.2-31 მ-27 | ||
| 100 |
_aმანი, ჰაინრიხ _919373 |
||
| 245 |
_aმეფე ანრი IV სიჭაბუკე : _b რომანი / _cჰაინრიხ მანი ; თარგმ. გერმანულიდან ვახტანგ ბეწუკელისა. |
||
| 264 |
_aთბილისი : _bლიტერატურა და ხელოვნება, _c1966. |
||
| 300 |
_a630 გვ. : _bილ. ; _c22 სმ.. |
||
| 490 | _aუცხოეთის თანამედროვე რომანი | ||
| 500 | _aპარალელური თავფურცელი გერმანულ ენაზე | ||
| 520 | _aპარალელ. თავფურც. გერმ. ენაზე. | ||
| 541 | _h3ლ. 72თ. | ||
| 653 | _aმეფე ანრი IV სიჭაბუკე | ||
| 653 | _aრომანი | ||
| 700 |
_aბეწუკელი, ვახტანგ _eმთარგმნელი _919374 |
||
| 942 |
_cBK _2udc |
||